[Event "4NCL Division 4 South"]
[Site "Telford, ENG"]
[Date "2017.02.12"]
[Round "6.11"]
[White "Davis, Lee"]
[Black "Rawlinson, Aidan M"]
[Result "0-1"]
[WhiteElo "2030"]
[BlackElo "2199"]
[PlyCount "130"]
[EventDate "2017.02.12"]
[WhiteTeam "The Full Ponty"]
[BlackTeam "Oxford 2"]

1. d4 g6 2. g3 Bg7 3. Bg2 Nf6 4. Nf3 O-O 5. O-O d6 6. c4 Nc6 7. Nc3 a6 8. e4
Bg4 9. Be3 Nd7 10. h3 Bxf3 11. Bxf3 e5 12. d5 Nd4 13. Bg2 c5 14. dxc6 bxc6 15.
Ne2 Qb6 16. Qd2 Rfb8 17. b3 a5 18. Nc3 Qb4 19. Kh2 Nc5 20. Rfb1 Qa3 21. Rd1 a4
22. Ne2 axb3 23. axb3 Qxa1 24. Rxa1 Rxa1 25. Qb2 Ra4 26. Nc1 Rxc4 27. Qa3 Rcb4
28. Bd2 R4b7 29. b4 Nc2 30. Qc3 Nxb4 31. Qc4 Nba6 32. Nd3 Rb3 33. Bf1 Bf8 34.
Be3 R3b5 35. Qa2 Rb1 36. Be2 Kg7 37. Kg2 R1b3 38. Nxc5 Nxc5 39. Bxc5 Rb2 40.
Qa7 R8b7 41. Qa6 dxc5 42. Bc4 R7b4 43. Ba2 Rxe4 44. Qxc6 Ree2 45. Bc4 Rxf2+ 46.
Kg1 Rg2+ 47. Qxg2 Rxg2+ 48. Kxg2 f5 49. Kf3 Kf6 50. g4 e4+ 51. Ke2 f4 52. h4
Be7 53. g5+ Kf5 54. Bg8 h6 55. gxh6 Bxh4 56. h7 Bf6 57. Bd5 Bd4 58. Bc6 g5 59.
Bd7+ Kg6 60. Bc6 f3+ 61. Kf1 Kf5 62. Bb5 Kf4 63. Bc4 g4 64. Be6 g3 65. Bh3 Kg5
0-1

[Event "4NCL Division 4 South"]
[Site "Telford, ENG"]
[Date "2017.02.12"]
[Round "6.12"]
[White "Truran, Michael C"]
[Black "Adams, Mark"]
[Result "1-0"]
[WhiteElo "2188"]
[BlackElo "1965"]
[PlyCount "43"]
[EventDate "2017.02.12"]
[WhiteTeam "Oxford 2"]
[BlackTeam "The Full Ponty"]

1. d4 Nf6 2. Nf3 e6 3. c4 b6 4. g3 Bb7 5. Bg2 Bb4+ 6. Bd2 Bxd2+ 7. Qxd2 O-O 8.
O-O d5 9. cxd5 exd5 10. Ne5 Re8 11. Nc3 c6 12. b4 Ne4 13. Nxe4 dxe4 14. Qc3 Qd5
15. f3 c5 16. bxc5 bxc5 17. e3 cxd4 18. exd4 e3 19. Rfe1 f6 20. Ng4 e2 21. Ne3
Qc6 22. Qb3+ 1-0

[Event "4NCL Division 4 South"]
[Site "Telford, ENG"]
[Date "2017.02.12"]
[Round "6.13"]
[White "Fletcher, John"]
[Black "Terry, Sean"]
[Result "1-0"]
[WhiteElo "1995"]
[BlackElo "1917"]
[PlyCount "63"]
[EventDate "2017.02.12"]
[WhiteTeam "The Full Ponty"]
[BlackTeam "Oxford 2"]

1. d4 Nf6 2. Nc3 d5 3. Bg5 c5 4. e3 e6 5. Nf3 Nc6 6. Be2 Qb6 7. O-O cxd4 8.
Bxf6 gxf6 9. exd4 Bd7 10. Qd2 Ne7 11. a4 Rc8 12. Ra3 Nf5 13. Rb3 Qc7 14. Bd3
Bh6 15. Qe2 Nd6 16. Nxd5 Qd8 17. Nc3 O-O 18. Nb5 Bxb5 19. Bxb5 Qa5 20. c3 a6
21. Bd3 Qxa4 22. Ra3 Qc6 23. Nh4 Qd5 24. f4 f5 25. Qh5 Bg7 26. Nf3 Ne8 27. Ne5
Nf6 28. Qh4 Ne4 29. Re1 f6 30. Nf3 e5 31. Bb1 Rfe8 32. Ba2 1-0

[Event "4NCL Division 4 South"]
[Site "Telford, ENG"]
[Date "2017.02.12"]
[Round "6.14"]
[White "Varney, Zoe"]
[Black "Davies, Peter"]
[Result "0-1"]
[WhiteElo "1988"]
[BlackElo "2021"]
[PlyCount "90"]
[EventDate "2017.02.12"]
[WhiteTeam "Oxford 2"]
[BlackTeam "The Full Ponty"]

1. e4 e5 2. Nf3 Nc6 3. Bc4 Nf6 4. Ng5 d5 5. exd5 Na5 6. Bb5+ c6 7. dxc6 bxc6 8.
Qf3 cxb5 9. Qxa8 h6 10. Ne4 Be7 11. d3 O-O 12. Nxf6+ Bxf6 13. Qxa7 Nc6 14. Qc5
Nd4 15. Be3 Be7 16. Qc3 Bb4 17. Bxd4 Qxd4 18. O-O Bxc3 19. bxc3 Qa4 20. Rc1 Bb7
21. Nd2 e4 22. c4 Re8 23. cxb5 exd3 24. cxd3 Qf4 25. Ne4 f5 26. Ng3 Qd6 27.
Nxf5 Qd5 28. Nh4 g5 29. Nf3 Qxb5 30. Rab1 Qd7 31. Nd2 Re2 32. Ne4 Bxe4 33. dxe4
Qd2 34. Rd1 Qxa2 35. Rd8+ Kg7 36. Rb7+ Kg6 37. g4 Rxf2 38. Rd6+ Rf6 39. Rxf6+
Kxf6 40. Rb6+ Ke5 41. Rxh6 Kxe4 42. h4 Kf3 43. Rf6+ Kg3 44. Kf1 Qa1+ 45. Ke2
Qxf6 0-1

[Event "4NCL Division 4 South"]
[Site "Telford, ENG"]
[Date "2017.02.12"]
[Round "6.15"]
[White "Thomas, Gary"]
[Black "Sheremetyeva, Elizaveta"]
[Result "1-0"]
[WhiteElo "1945"]
[BlackElo "1937"]
[PlyCount "101"]
[EventDate "2017.02.12"]
[WhiteTeam "The Full Ponty"]
[BlackTeam "Oxford 2"]

1. e4 c6 2. Nc3 d5 3. Nf3 Bg4 4. h3 Bh5 5. exd5 cxd5 6. Bb5+ Nc6 7. g4 Bg6 8.
Ne5 Qd6 9. d4 a6 10. Bxc6+ bxc6 11. Bf4 Qe6 12. Na4 f6 13. Nc5 Qc8 14. Nxg6
hxg6 15. Qe2 Kf7 16. Nd3 Nh6 17. O-O-O Kg8 18. Bg3 Nf7 19. f4 Nd6 20. Nc5 Nb7
21. Ne6 Kf7 22. f5 Qd7 23. fxg6+ Kxg6 24. Qd3+ Kf7 25. Rde1 Nd8 26. Nc5 Qc8 27.
Qf1 e5 28. Bxe5 Bxc5 29. dxc5 Ne6 30. Bd6 Qd8 31. h4 Qa5 32. g5 Qxa2 33. g6+
Kg8 34. Rxe6 Qa1+ 35. Kd2 Qxb2 36. Qa1 Qb4+ 37. Qc3 Qg4 38. Rhe1 Qxg6 39. Bg3
Rc8 40. Qd3 Kh7 41. Qxg6+ Kxg6 42. Rd6 Rhd8 43. Ree6 Rxd6 44. cxd6 Rd8 45. Re7
f5 46. Ra7 Kh5 47. Rxg7 c5 48. Rg5+ Kh6 49. Rxf5 Rg8 50. d7 Rxg3 51. d8=Q 1-0

[Event "4NCL Division 4 South"]
[Site "Telford, ENG"]
[Date "2017.02.12"]
[Round "6.16"]
[White "Rowan, Daniel"]
[Black "Dixon, Chris"]
[Result "1-0"]
[WhiteElo "1824"]
[BlackElo "1800"]
[PlyCount "107"]
[EventDate "2017.02.12"]
[WhiteTeam "Oxford 2"]
[BlackTeam "The Full Ponty"]

1. d4 Nf6 2. c4 g6 3. Nc3 Bg7 4. g3 O-O 5. Bg2 d6 6. Nf3 Nbd7 7. O-O Re8 8. h3
e5 9. e4 exd4 10. Nxd4 a6 11. Re1 Rb8 12. Be3 Ne5 13. b3 c5 14. Nde2 b5 15. f4
Ned7 16. Qxd6 b4 17. e5 bxc3 18. exf6 Bxf6 19. Qd3 Qa5 20. Kh2 Rd8 21. Qc2 Nf8
22. g4 Ne6 23. f5 Nd4 24. Bxd4 cxd4 25. Bd5 Qc7+ 26. Kg1 g5 27. Rad1 Re8 28.
Rd3 Bb7 29. Red1 Bxd5 30. cxd5 Re3 31. d6 Qc5 32. Rxe3 dxe3 33. d7 Rd8 34. Qe4
Kg7 35. Kg2 c2 36. Rc1 Rxd7 37. Rxc2 Qa7 38. Ng3 Rd2+ 39. Kf3 Qd4 40. Nh5+ Kh6
41. Qxd4 Bxd4 42. Rxd2 exd2 43. Ke2 Bc3 44. Ng3 Kg7 45. Ne4 Bf6 46. Nxf6 Kxf6
47. Kxd2 Ke5 48. Ke3 Kd5 49. Kd3 Kc5 50. a3 f6 51. Kc3 Kb5 52. Kd4 Kc6 53. b4
h6 54. a4 1-0

[Event "4NCL Division 4 South"]
[Site "Telford, ENG"]
[Date "2017.02.12"]
[Round "6.21"]
[White "Spencer, Douglas"]
[Black "Willmoth, Robert F"]
[Result "1-0"]
[WhiteElo "1962"]
[BlackElo "2282"]
[PlyCount "99"]
[EventDate "2017.02.12"]
[WhiteTeam "West is Best 2"]
[BlackTeam "Barnet Knights 1"]

1. d4 d6 2. e4 Nf6 3. f3 Nbd7 4. c4 e5 5. Ne2 Be7 6. Be3 c6 7. Nbc3 a6 8. d5
cxd5 9. Nxd5 Nxd5 10. cxd5 b5 11. Qd2 Nb6 12. b3 Bd7 13. g3 O-O 14. Bg2 a5 15.
O-O b4 16. Nc1 Bb5 17. Nd3 Qb8 18. Rfc1 Bd8 19. Bf1 Qb7 20. Nc5 dxc5 21. Bxb5
Nd7 22. Bc6 Qc7 23. Bxd7 Qxd7 24. Bxc5 Re8 25. Be3 Ra6 26. Rc4 Rg6 27. Rac1 h5
28. Rc6 f6 29. Kg2 h4 30. g4 Rxg4+ 31. fxg4 Qxg4+ 32. Kf1 Qxe4 33. R6c4 Qf3+
34. Kg1 f5 35. Rf1 Qh5 36. Qg2 f4 37. Bc5 h3 38. Qf3 Qf5 39. Qe4 Qh5 40. Qf3
Qf5 41. Qe4 Qh5 42. Kh1 Be7 43. Bb6 g5 44. d6 Rf8 45. d7 Qg4 46. Qd5+ Kh7 47.
d8=Q Bxd8 48. Bxd8 Rxd8 49. Rc7+ Kh6 50. Qc6+ 1-0

[Event "4NCL Division 4 South"]
[Site "Telford, ENG"]
[Date "2017.02.12"]
[Round "6.22"]
[White "Villiers, Thomas"]
[Black "Davies, Matthew"]
[Result "1-0"]
[WhiteElo "2245"]
[BlackElo "1949"]
[PlyCount "83"]
[EventDate "2017.02.12"]
[WhiteTeam "Barnet Knights 1"]
[BlackTeam "West is Best 2"]

1. c4 c5 2. Nc3 Nc6 3. Nf3 g6 4. g3 Bg7 5. Bg2 d6 6. O-O e6 7. e3 Nge7 8. d4
O-O 9. a3 b6 10. Rb1 Bb7 11. b4 Nf5 12. Ne2 Qc7 13. d5 exd5 14. cxd5 Ne5 15.
Nxe5 dxe5 16. Bd2 Rfd8 17. bxc5 bxc5 18. Qa4 Qd7 19. Qxd7 Rxd7 20. e4 Nd6 21.
Be3 Ba6 22. Rfe1 Bd3 23. Rbd1 Bxe4 24. Bxc5 Bxg2 25. Kxg2 Rad8 26. Nc3 f5 27.
Bb4 Nb7 28. a4 e4 29. Re3 a6 30. f3 exf3+ 31. Kxf3 Bf8 32. Bxf8 Kxf8 33. Rb1
Nc5 34. Rb6 Rd6 35. Rxd6 Rxd6 36. Kf4 Nd7 37. Re6 Rxe6 38. dxe6 Nb6 39. Ke5 a5
40. Kf6 Ke8 41. h4 Nc4 42. Nb5 1-0

[Event "4NCL Division 4 South"]
[Site "Telford, ENG"]
[Date "2017.02.12"]
[Round "6.23"]
[White "Gregory, Andrew M"]
[Black "Eden, Tomer"]
[Result "1/2-1/2"]
[WhiteElo "1937"]
[BlackElo "2177"]
[PlyCount "71"]
[EventDate "2017.02.12"]
[WhiteTeam "West is Best 2"]
[BlackTeam "Barnet Knights 1"]

1. Nf3 Nf6 2. b3 d6 3. Bb2 e5 4. d3 Be7 5. g3 O-O 6. Bg2 c6 7. Nbd2 h6 8. c4
Nbd7 9. Qc2 Re8 10. h3 a5 11. a3 Bf8 12. Ne4 Nxe4 13. dxe4 Nc5 14. O-O Qb6 15.
Nd2 Be6 16. Rab1 f6 17. Bc3 Bf7 18. Kh2 Qc7 19. b4 axb4 20. axb4 Nd7 21. Ra1 b5
22. cxb5 cxb5 23. Qd3 Qb6 24. e3 Ra4 25. Rfb1 Rb8 26. Bf3 Qc6 27. Bd1 Rxa1 28.
Rxa1 Nb6 29. Ra6 Qc7 30. Bb3 Bxb3 31. Nxb3 Qc4 32. Qxc4+ Nxc4 33. Rc6 Kf7 34.
Kg2 Ke8 35. Rc7 Be7 36. Kf3 1/2-1/2

[Event "4NCL Division 4 South"]
[Site "Telford, ENG"]
[Date "2017.02.12"]
[Round "6.24"]
[White "Orgler, Philipp"]
[Black "Staniforth, Matthew"]
[Result "1-0"]
[WhiteElo "2110"]
[BlackElo "1892"]
[PlyCount "127"]
[EventDate "2017.02.12"]
[WhiteTeam "Barnet Knights 1"]
[BlackTeam "West is Best 2"]

1. d4 c5 2. dxc5 e6 3. Nc3 Bxc5 4. Ne4 d5 5. Nxc5 Qa5+ 6. c3 Qxc5 7. Nf3 Nf6 8.
g3 O-O 9. Bg2 Nc6 10. O-O b6 11. Be3 Qe7 12. Nd4 Bb7 13. Nxc6 Bxc6 14. a4 Ne8
15. a5 Rb8 16. axb6 axb6 17. Ra6 Qc7 18. Qb3 Nd6 19. Bf4 Rfd8 20. Rfa1 Kh8 21.
Qb4 f6 22. Bxd6 Rxd6 23. Ra7 Qd8 24. Qg4 Qf8 25. Rc7 Rc8 26. Qxg7+ Qxg7 27.
Rxc8+ Qg8 28. Rxg8+ Kxg8 29. Ra7 d4 30. c4 d3 31. exd3 Bxg2 32. Kxg2 Rxd3 33.
Rb7 Rd4 34. Rxb6 Rxc4 35. Rxe6 Kf7 36. Rb6 Rc2 37. b4 Rb2 38. b5 Kg7 39. Rb8
Rc2 40. b6 Rb2 41. b7 Rb3 42. g4 Rb2 43. Kg3 Rb3+ 44. f3 Rb2 45. h4 Rb3 46. g5
fxg5 47. hxg5 Rb2 48. f4 Rb3+ 49. Kh4 Rb4 50. Kg4 Kf7 51. Rh8 Rxb7 52. Rxh7+
Kg6 53. Rh6+ Kg7 54. Ra6 Rb4 55. Ra7+ Kg6 56. Rc7 Ra4 57. Re7 Rb4 58. Re6+ Kf7
59. Rf6+ Kg7 60. Kh5 Rb1 61. Ra6 Rh1+ 62. Kg4 Rb1 63. Ra7+ Kg8 64. f5 1-0

[Event "4NCL Division 4 South"]
[Site "Telford, ENG"]
[Date "2017.02.12"]
[Round "6.25"]
[White "Jukes, Sam"]
[Black "Karia, Rishul"]
[Result "1/2-1/2"]
[WhiteElo "1723"]
[BlackElo "1915"]
[PlyCount "83"]
[EventDate "2017.02.12"]
[WhiteTeam "West is Best 2"]
[BlackTeam "Barnet Knights 1"]

1. e4 e5 2. Nf3 Nc6 3. Bc4 Nf6 4. d3 h6 5. Bb3 Be7 6. c3 O-O 7. O-O d6 8. Re1
Kh8 9. Nbd2 Bg4 10. Nf1 Nh7 11. h3 Bxf3 12. Qxf3 Qd7 13. Ng3 Bg5 14. Nf5 Ne7
15. h4 Bxc1 16. Raxc1 Nxf5 17. exf5 c6 18. d4 exd4 19. cxd4 d5 20. Re5 Rfe8 21.
Rce1 f6 22. Re6 Nf8 23. R6e3 Rxe3 24. fxe3 Re8 25. e4 Qd6 26. Kf2 Qb4 27. Qc3
Qxc3 28. bxc3 dxe4 29. Bc2 e3+ 30. Rxe3 Rxe3 31. Kxe3 Nd7 32. Bb3 Nb6 33. Ke4
Nc8 34. Be6 Nd6+ 35. Kd3 Kh7 36. h5 Kh8 37. c4 Kh7 38. a4 Ne8 39. d5 c5 40. a5
Nd6 41. Kc3 b6 42. axb6 1/2-1/2

[Event "4NCL Division 4 South"]
[Site "Telford, ENG"]
[Date "2017.02.12"]
[Round "6.26"]
[White "Covey, Jason"]
[Black "Melsom, Jonathan T"]
[Result "1-0"]
[WhiteElo "1832"]
[BlackElo "1710"]
[PlyCount "79"]
[EventDate "2017.02.12"]
[WhiteTeam "Barnet Knights 1"]
[BlackTeam "West is Best 2"]

1. e4 e6 2. d4 d5 3. Nd2 Be7 4. Ngf3 c5 5. exd5 exd5 6. Bd3 Nf6 7. O-O c4 8.
Be2 O-O 9. Re1 Nc6 10. Nf1 Be6 11. Ng5 Bf5 12. Ne3 Bg6 13. Bf3 Re8 14. Nh3 Be4
15. Bxe4 Nxe4 16. Nf4 Bg5 17. Nfxd5 Bxe3 18. Nxe3 Qf6 19. f3 Nd6 20. c3 Rac8
21. Bd2 b5 22. Qc2 g6 23. Nd5 Rxe1+ 24. Rxe1 Qd8 25. Bf4 Kg7 26. Qd2 Nf5 27.
Ne3 Nxe3 28. Qxe3 h5 29. Be5+ f6 30. Bg3 Qd7 31. Qe6 Rd8 32. f4 Qd5 33. Qxd5
Rxd5 34. Re6 Nd8 35. Re7+ Nf7 36. Rxa7 b4 37. Rc7 bxc3 38. bxc3 Ra5 39. Rxc4
Rxa2 40. h3 1-0

[Event "4NCL Division 4 South"]
[Site "Telford, ENG"]
[Date "2017.02.12"]
[Round "6.31"]
[White "Ashworth, Michael"]
[Black "Vachtfeidl, Petr"]
[Result "1-0"]
[WhiteElo "2095"]
[BlackElo "1983"]
[PlyCount "75"]
[EventDate "2017.02.12"]
[WhiteTeam "Wood Green MM 2"]
[BlackTeam "CSC Rhinos (2)"]

1. Nf3 g6 2. g3 Bg7 3. Bg2 c5 4. O-O Nc6 5. c4 e6 6. Nc3 Nge7 7. d3 d5 8. e4
dxc4 9. dxc4 Qxd1 10. Nxd1 b6 11. Bd2 Ba6 12. Rc1 O-O-O 13. b3 Ne5 14. Bc3
Nxf3+ 15. Bxf3 Bxc3 16. Nxc3 Rd2 17. Rfd1 Rhd8 18. Kf1 Nc6 19. Ke1 Nd4 20. Kxd2
Nxf3+ 21. Ke3 Nd4 22. e5 Bb7 23. Ne4 Bxe4 24. Kxe4 Kc7 25. f4 h5 26. h3 h4 27.
gxh4 Rh8 28. b4 Rxh4 29. bxc5 bxc5 30. Rd3 g5 31. Rf1 Ne2 32. Kf3 Nxf4 33. Re3
Rxh3+ 34. Ke4 Rh2 35. Ra3 Re2+ 36. Kf3 Rxe5 37. Rxa7+ Kb6 38. Rxf7 1-0

[Event "4NCL Division 4 South"]
[Site "Telford, ENG"]
[Date "2017.02.12"]
[Round "6.32"]
[White "Stayt, James N"]
[Black "Guha, Chirag"]
[Result "1/2-1/2"]
[WhiteElo "1960"]
[BlackElo "1922"]
[PlyCount "67"]
[EventDate "2017.02.12"]
[WhiteTeam "CSC Rhinos (2)"]
[BlackTeam "Wood Green MM 2"]

1. e4 e5 2. Nf3 Nc6 3. Nc3 Nf6 4. d4 exd4 5. Nxd4 Bb4 6. Nxc6 bxc6 7. Bd3 d5 8.
exd5 cxd5 9. O-O O-O 10. Bg5 c6 11. Ne2 Bd6 12. h3 h6 13. Bf4 c5 14. c3 Bb7 15.
Qd2 Re8 16. Ng3 c4 17. Bc2 Bc5 18. Rad1 Qb6 19. b4 cxb3 20. axb3 Qc6 21. Kh1 d4
22. f3 dxc3 23. Qxc3 Ba6 24. Bd3 Nd5 25. Qc1 Nxf4 26. Bxa6 Nd5 27. Bb5 Qxb5 28.
Rxd5 Rac8 29. Ne4 Rc6 30. Nxc5 Rec8 31. Rfd1 Rxc5 32. Rxc5 Rxc5 33. Rd8+ Kh7
34. Qb1+ 1/2-1/2

[Event "4NCL Division 4 South"]
[Site "Telford, ENG"]
[Date "2017.02.12"]
[Round "6.33"]
[White "Ng, Chung Lok Andrew"]
[Black "Lawson, Maurice E"]
[Result "0-1"]
[WhiteElo "1930"]
[BlackElo "1940"]
[PlyCount "120"]
[EventDate "2017.02.12"]
[WhiteTeam "Wood Green MM 2"]
[BlackTeam "CSC Rhinos (2)"]

1. d4 d5 2. c4 c6 3. Nf3 Nf6 4. Nc3 dxc4 5. a4 Na6 6. e4 Bg4 7. Bxc4 e6 8. Be3
Be7 9. h3 Bxf3 10. Qxf3 Nb4 11. Qe2 O-O 12. O-O Qa5 13. Rfd1 Rfd8 14. Bb3 Rd7
15. Rd2 Rad8 16. Rad1 b6 17. f3 Qh5 18. Qc4 a6 19. Na2 b5 20. Qc3 bxa4 21. Nxb4
Bxb4 22. Qxb4 axb3 23. Qxb3 h6 24. Qc3 Qb5 25. Ra1 c5 26. dxc5 Rxd2 27. Bxd2
Qe2 28. Be1 Nh5 29. Qe5 g5 30. Bc3 Kh7 31. Qc7 Rd1+ 32. Rxd1 Qxd1+ 33. Kh2 Kg6
34. Qd6 Qe2 35. Qd2 Qb5 36. b4 Nf4 37. Qe3 Qf1 38. Qd2 Qc4 39. h4 Nd3 40. hxg5
hxg5 41. Kg1 a5 42. bxa5 Qxc5+ 43. Kh2 Qc7+ 44. g3 Qc4 45. Ba1 g4 46. fxg4 Qxe4
47. Qc2 Kg5 48. a6 f6 49. a7 Qh7+ 50. Kg2 Ne1+ 51. Kg1 Qxa7+ 52. Qf2 Qxa1 53.
Qe3+ Kg6 54. Qe4+ Kg7 55. Qb7+ Kh6 56. g5+ fxg5 57. Qe4 Qd4+ 58. Qxd4 Nf3+ 59.
Kf2 Nxd4 60. Ke3 Nc6 0-1

[Event "4NCL Division 4 South"]
[Site "Telford, ENG"]
[Date "2017.02.12"]
[Round "6.34"]
[White "Fowler, David"]
[Black "Bulmaga, Elena"]
[Result "1-0"]
[WhiteElo "1879"]
[BlackElo "1779"]
[PlyCount "77"]
[EventDate "2017.02.12"]
[WhiteTeam "CSC Rhinos (2)"]
[BlackTeam "Wood Green MM 2"]

1. d4 d5 2. c4 Nf6 3. cxd5 Nxd5 4. Nf3 e6 5. e4 Nf6 6. Bd3 Be7 7. Nc3 O-O 8.
O-O h6 9. Bf4 a6 10. Rc1 Nc6 11. Bb1 Qd7 12. e5 Nh7 13. Qd3 g6 14. Bxh6 Rd8 15.
Rfd1 Bf8 16. Bxf8 Kxf8 17. Qe3 Kg7 18. Ne4 Ne7 19. Nf6 Nd5 20. Nxd5 exd5 21.
Rc3 c6 22. Re1 Qe7 23. Qf4 Be6 24. h4 Rh8 25. a3 Nf8 26. Ng5 Nd7 27. Rb3 Rab8
28. Rc1 Rh5 29. g3 Rhh8 30. Nf3 Qd8 31. Ne1 Rh5 32. Ng2 Qa5 33. Qe3 c5 34. Nf4
Rhh8 35. Nxe6+ fxe6 36. Qg5 Nf8 37. Bxg6 Nxg6 38. h5 c4 39. Qxg6+ 1-0

[Event "4NCL Division 4 South"]
[Site "Telford, ENG"]
[Date "2017.02.12"]
[Round "6.35"]
[White "Green, Emily"]
[Black "Homolka, Vincent"]
[Result "1/2-1/2"]
[WhiteElo "1855"]
[BlackElo "1779"]
[PlyCount "88"]
[EventDate "2017.02.12"]
[WhiteTeam "Wood Green MM 2"]
[BlackTeam "CSC Rhinos (2)"]

1. Nf3 d5 2. c4 e6 3. b3 c5 4. e3 Nc6 5. g3 Nf6 6. Bg2 Be7 7. O-O O-O 8. Qe2 b6
9. Bb2 Bb7 10. Rd1 Qc7 11. Nc3 Rfd8 12. cxd5 exd5 13. d4 Rac8 14. Rac1 Qb8 15.
dxc5 bxc5 16. Na4 Ne4 17. Nd2 Nxd2 18. Rxd2 Nb4 19. a3 Na6 20. Bh3 Rc6 21. Rcd1
Rh6 22. Bg2 Qa8 23. Nc3 Nc7 24. a4 a6 25. Qf1 Rb6 26. a5 Rxb3 27. Na4 Bc6 28.
Nb6 Qb7 29. Be5 Bd6 30. Bxd6 Rxd6 31. Rc2 Rb5 32. Qe1 Re6 33. Bf1 c4 34. Rcc1
Re8 35. Qd2 Ne6 36. Bg2 Nc5 37. Rb1 Nb3 38. Qc3 Qe7 39. Nxc4 Qc5 40. Rxb3 Rxb3
41. Qxb3 dxc4 42. Qc3 Bxg2 43. Kxg2 h6 44. Rc1 Rc8 1/2-1/2

[Event "4NCL Division 4 South"]
[Site "Telford, ENG"]
[Date "2017.02.12"]
[Round "6.36"]
[White "Weaver, Lauren"]
[Black "Lovell, William Pm"]
[Result "0-1"]
[WhiteElo "1694"]
[BlackElo "1817"]
[PlyCount "56"]
[EventDate "2017.02.12"]
[WhiteTeam "CSC Rhinos (2)"]
[BlackTeam "Wood Green MM 2"]

1. d4 d5 2. Nf3 Nf6 3. e3 c6 4. Bd3 Bg4 5. Nbd2 Nbd7 6. Be2 e6 7. b3 Bd6 8. Bb2
O-O 9. Ne5 Bxe2 10. Qxe2 c5 11. f4 Rc8 12. Qd3 a6 13. a4 Qb6 14. O-O cxd4 15.
Bxd4 Bc5 16. Ndf3 Nxe5 17. Nxe5 Rfd8 18. Kh1 Qa5 19. Qd1 Ne4 20. f5 Bxd4 21.
exd4 Qd2 22. Qh5 Rxc2 23. Qf3 Nf2+ 24. Kg1 Qxd4 25. fxe6 Ng4+ 26. Kh1 Nxe5 27.
exf7+ Kf8 28. Qg3 Qg4 0-1

[Event "4NCL Division 4 South"]
[Site "Telford, ENG"]
[Date "2017.02.12"]
[Round "6.41"]
[White "Headlong, Timothy"]
[Black "Cole, Graham"]
[Result "1/2-1/2"]
[WhiteElo "2072"]
[BlackElo "1829"]
[PlyCount "56"]
[EventDate "2017.02.12"]
[WhiteTeam "Brown Jack 2"]
[BlackTeam "Oxford 3"]

1. Nf3 Nf6 2. c4 g6 3. Nc3 Bg7 4. e4 d6 5. d4 O-O 6. Be2 e5 7. d5 a5 8. Bg5 h6
9. Bh4 Na6 10. O-O Qe8 11. Nd2 Bd7 12. b3 Nh7 13. a3 h5 14. f3 Bh6 15. Kh1 Be3
16. Qc2 Bc5 17. Nd1 Bd4 18. Rb1 Bc5 19. Qc1 b6 20. Bf2 Qe7 21. Bxc5 Nxc5 22. b4
axb4 23. axb4 Nb7 24. Ra1 h4 25. Nb3 Nf6 26. Nc3 Rxa1 27. Nxa1 Nh5 28. Qh6 Ra8
1/2-1/2

[Event "4NCL Division 4 South"]
[Site "Telford, ENG"]
[Date "2017.02.12"]
[Round "6.42"]
[White "Staples, Neil"]
[Black "Duncan, Patrick C M"]
[Result "0-1"]
[WhiteElo "1867"]
[BlackElo "2014"]
[PlyCount "114"]
[EventDate "2017.02.12"]
[WhiteTeam "Oxford 3"]
[BlackTeam "Brown Jack 2"]

1. c4 Nf6 2. g3 c6 3. Bg2 d5 4. cxd5 cxd5 5. Nf3 Bf5 6. Qb3 Qb6 7. Qxb6 axb6 8.
Nc3 Nc6 9. O-O e6 10. Nb5 Ra5 11. Nbd4 Nxd4 12. Nxd4 Be4 13. f3 Bg6 14. Nb3 Ra4
15. d3 Bd6 16. Bd2 Nd7 17. Rfc1 Ke7 18. Bc3 f6 19. Kf1 h5 20. a3 e5 21. Be1 Bf5
22. Bf2 Be6 23. d4 h4 24. Ke1 hxg3 25. hxg3 e4 26. f4 g5 27. e3 Rh2 28. Kf1 Ra8
29. Bg1 Rh7 30. Nd2 Rg8 31. Bf2 Rhg7 32. f5 Bxf5 33. Ke1 Rh7 34. Nf1 Rhh8 35.
Kd2 Rc8 36. Rxc8 Rxc8 37. Rc1 Rh8 38. Ke1 Kd8 39. Nd2 Rh2 40. Bf1 Rh1 41. Rc3
Bc7 42. Kd1 Bh3 43. Ke2 Bg4+ 44. Ke1 f5 45. Nb3 Bh3 46. Nd2 Nf6 47. Ke2 Bg4+
48. Ke1 Kd7 49. a4 Nh5 50. a5 bxa5 51. Rc5 Kd6 52. Nb3 Bh3 53. Nd2 b6 54. Rc3
Kd7 55. Ke2 Bg4+ 56. Ke1 Bd6 57. Rb3 Bb4 0-1

[Event "4NCL Division 4 South"]
[Site "Telford, ENG"]
[Date "2017.02.12"]
[Round "6.43"]
[White "Bourne, Johnathan D"]
[Black "Neatherway, A Philip"]
[Result "1/2-1/2"]
[WhiteElo "1948"]
[BlackElo "1846"]
[PlyCount "33"]
[EventDate "2017.02.12"]
[WhiteTeam "Brown Jack 2"]
[BlackTeam "Oxford 3"]

1. e4 d5 2. exd5 Qxd5 3. Nc3 Qa5 4. Bc4 Nf6 5. d3 c6 6. Bd2 Qc7 7. Qe2 g6 8.
Nf3 Bg7 9. h3 O-O 10. a4 a5 11. O-O Na6 12. Rfe1 e6 13. Ne5 Nb4 14. Bf4 Qb6 15.
Be3 Qc7 16. Bf4 Qb6 17. Be3 1/2-1/2

[Event "4NCL Division 4 South"]
[Site "Telford, ENG"]
[Date "2017.02.12"]
[Round "6.44"]
[White "Gentry, Alan E"]
[Black "Parker, Francis"]
[Result "0-1"]
[WhiteElo "1756"]
[BlackElo "1912"]
[PlyCount "44"]
[EventDate "2017.02.12"]
[WhiteTeam "Oxford 3"]
[BlackTeam "Brown Jack 2"]

1. d4 d5 2. c4 c6 3. Nc3 dxc4 4. a4 e5 5. Nf3 exd4 6. Qxd4 Qxd4 7. Nxd4 Bc5 8.
e3 Bxd4 9. exd4 Be6 10. Be2 Ne7 11. Bf4 Nd7 12. O-O O-O 13. Rfd1 Nf6 14. Bd6
Rfe8 15. a5 Ned5 16. Bf3 Nxc3 17. bxc3 Bd5 18. Bxd5 Nxd5 19. Kf1 Nxc3 20. Rdc1
Ne4 21. Bc5 Nd2+ 22. Kg1 Nb3 0-1

[Event "4NCL Division 4 South"]
[Site "Telford, ENG"]
[Date "2017.02.12"]
[Round "6.45"]
[White "Shaw, Meyrick"]
[Black "Willis, Graham"]
[Result "1-0"]
[WhiteElo "1929"]
[BlackElo "1682"]
[PlyCount "73"]
[EventDate "2017.02.12"]
[WhiteTeam "Brown Jack 2"]
[BlackTeam "Oxford 3"]

1. d4 Nc6 2. Nf3 d6 3. Bf4 Nf6 4. Nc3 Bg4 5. d5 Bxf3 6. exf3 Nb8 7. Qd4 c5 8.
Qe3 a6 9. g4 b5 10. O-O-O Kd7 11. h4 Kc8 12. g5 Ne8 13. Bh3+ Nd7 14. h5 g6 15.
h6 Qc7 16. Ne4 Kb7 17. Qc3 Rg8 18. Rhe1 Nb6 19. Qd3 Na4 20. Re3 Nb6 21. Nd2 c4
22. Qd4 Qc5 23. Qxc5 dxc5 24. Ne4 Ka7 25. Re2 Rd8 26. d6 exd6 27. Nxc5 d5 28.
Nd7 Bd6 29. Bxd6 Nxd6 30. Nf6 Rh8 31. Re7+ Kb8 32. Nxd5 Nbc8 33. Bxc8 Kxc8 34.
Nb6+ Kb8 35. Nd7+ Kc8 36. Rxd6 Kc7 37. Rxa6 1-0

[Event "4NCL Division 4 South"]
[Site "Telford, ENG"]
[Date "2017.02.12"]
[Round "6.46"]
[White "Matilal, Tamal"]
[Black "Headlong, Benjamin"]
[Result "1-0"]
[WhiteElo "1397"]
[BlackElo "1787"]
[PlyCount "109"]
[EventDate "2017.02.12"]
[WhiteTeam "Oxford 3"]
[BlackTeam "Brown Jack 2"]

1. Nf3 Nc6 2. d4 d5 3. g3 Bf5 4. Bg2 e6 5. a3 Nf6 6. c4 Be7 7. O-O O-O 8. Nc3
Ne4 9. cxd5 Nxc3 10. bxc3 exd5 11. Bf4 Bd6 12. Ne5 Bxe5 13. dxe5 Be6 14. Qd2
Na5 15. Rfb1 d4 16. Bxb7 Rb8 17. Be4 Nb3 18. Rxb3 Rxb3 19. cxd4 Bd5 20. Qc2 h6
21. Bh7+ Kh8 22. e4 Rb6 23. exd5 Qxd5 24. Rd1 Rc6 25. Qe4 Qb3 26. Rb1 Qa4 27.
d5 Rc4 28. Qf5 Qa6 29. e6 f6 30. Bg6 Qc8 31. e7 Re8 32. Qxc8 Rxc8 33. e8=Q+
Rxe8 34. Bxe8 Kh7 35. h4 g5 36. hxg5 hxg5 37. Rc1 Re4 38. Rxc7+ Kh6 39. Bc1
Rxe8 40. Rc6 Kg6 41. Kg2 Re1 42. Bb2 Rd1 43. Rxf6+ Kh7 44. d6 Rd2 45. Bc1 Rd5
46. Kf3 Kg7 47. Bb2 Kh7 48. Ke4 Rd2 49. Bd4 Re2+ 50. Kd5 Ra2 51. d7 Rxa3 52.
d8=R Ra5+ 53. Bc5 Kg7 54. Rc6 Rxc5+ 55. Kxc5 1-0

[Event "4NCL Division 4 South"]
[Site "Telford, ENG"]
[Date "2017.02.12"]
[Round "6.51"]
[White "Higgie, Charles L"]
[Black "Brown, Alan M"]
[Result "1-0"]
[WhiteElo "1945"]
[BlackElo "1971"]
[PlyCount "71"]
[EventDate "2017.02.12"]
[WhiteTeam "Shropshire 2"]
[BlackTeam "MK Phoenix 2"]

1. d4 Nf6 2. c4 e6 3. Nc3 d5 4. Bg5 Nbd7 5. e3 Be7 6. Nf3 O-O 7. Be2 c6 8. O-O
dxc4 9. Bxc4 Nd5 10. Bxe7 Qxe7 11. Nxd5 exd5 12. Bd3 Nb6 13. Qc2 h6 14. Ne5 Bd7
15. a4 Be8 16. a5 Nd7 17. a6 Nxe5 18. axb7 Qxb7 19. dxe5 Bd7 20. Ra5 Rfe8 21.
Qc3 Reb8 22. Rfa1 a6 23. Rxa6 Rxa6 24. Rxa6 Bf5 25. Ra2 Bxd3 26. Qxd3 c5 27. h3
c4 28. Qd4 Qb3 29. Ra7 Qd3 30. Qf4 Rf8 31. Rb7 Qb1+ 32. Kh2 c3 33. e6 fxe6 34.
Qg4 Rf7 35. Qxe6 Qf5 36. Qxf7+ 1-0